LEADER 01166nam a2200277 4500 001 000000350580 003 CaOOAMICUS 005 20220621104243.0 008 220621s2020 it 000 u ita r 020 $a978-88-284-0264-0 040 $aSeMil$bita 100 1 $aBellomo, Saverio,$d<1952-2018>.$0(OLS)http://semarc/name/90230 245 10$aFilologia e critica dantesca /$cSaverio Bellomo. 250 $aNuova ed. riveduta e ampliata 264 1$a[Brescia] :$bScholé,$c2020. 300 $a462 p. ;$c21 cm 490 1 $aSaggi. Italianistica ;$v28 650 4$aFilologia dantesca.$0(OLS)http://semarc/subject/52454 650 4$aAlighieri, Dante <1265-1321> - Opere - Commentari e studi.$0(OLS)http://semarc/subject/15436 830 0$aSaggi. Italianistica ;$v28.$0(OLS)http://semarc/title/440370 850 $aSeMil 852 $aSeMil$W1$xVenegono$y1$m1O IV 274$j233260$B241591$CSeMilBibl$Z2$F241591 $81 996 $6020$a978-88-284-0264-0$9(OLS)http://semarc/number/296084 996 $6245$aFilologia e critica dantesca$9(OLS)http://semarc/title/440369 996 $6264$a[Brescia] :$bScholé$9(OLS)http://semarc/publisher/57767 LEADER 01609nam a2200325 i 4500 001 000000190793 003 CaOOAMICUS 005 20100702000000.0 008 100702s2010 it u000 u ita u 013 $a169242 020 $a978-88-311-9388-7 040 $aSeMil$bita 240 00$aBibbia. Antico Testamento. Isaia.$0(OLS)http://semarc/title/80367 245 10$aIsaia 1-39 /$ca cura di Steven A. Kinion ; edizione italiana a cura di Paolo Bernardini ; introduzione generale di A. Di Berardino. 260 $aRoma :$bCittà Nuova,$c2010. 300 $a415 p. ;$c26 cm. 490 0 $aLa Bibbia commentata dai Padri ;$vAT10./1 490 0 $aLa Bibbia commentata dai Padri. Antico Testamento ;$v10./1 650 4$aBibbia. Antico Testamento. Isaia - Commentari, studi, critica, interpretazioni.$0(OLS)http://semarc/subject/111 700 1 $aKinion, Steven A.$0(OLS)http://semarc/name/69739 700 1 $aDi Berardino, Angelo,$d<1936- >.$0(OLS)http://semarc/name/5734 700 1 $aBernardini, Paolo.$0(OLS)http://semarc/name/69740 830 3$aLa Bibbia commentata dai Padri ;$vAT10./1.$0(OLS)http://semarc/title/15781 830 3$aLa Bibbia commentata dai Padri. Antico Testamento ;$v10./1.$0(OLS)http://semarc/title/15783 850 $aSeMil 852 $aSeMil$W1$xVenegono$y1$m2S IV 10/1$j141410$B141410$CSeMilBibl$Z2$F152953 $81 961 $aSottoscrizione: Città Nuova (Agente) 996 $6020$a978-88-311-9388-7$9(OLS)http://semarc/number/181775 996 $6245$aIsaia 1-39$9(OLS)http://semarc/title/274908 996 $6260$aRoma :$bCittà Nuova$9(OLS)http://semarc/publisher/29609